00483nam a2200133Ia 4500008004100000100002500041245007400066245006100140260005300201260000900254300001000263650001500273856006100288170221s9999 xx 000 0 und d aHashed Ahmed Mabkhot 4aThe Antecedents of Automobile Brand Loyalty: Evidence from Malaysian  cHashed Ahmed Mabkhot, Salniza MD Salleh, Hasnizam Shaari bInternational Review of Management and Marketing c2016 a6 : 3 xMarketing. uhttp://www.econjournals.com/index.php/irmm/issue/view/82